000 00926nas a2200301 4500
001 BR2011006340
003 BR-BrBNA
005 20231205115154.0
007 ta
008 230509b bl.|||p| |||| 00| 00por d
040 _aBR-BrBNA
_bpor
_cBiblioteca Nacional de Agricultura
041 _a(Pt)
072 _aN01
100 1 _aLyra, G.B.
100 1 _aCecon, P.R.
100 1 _aDeniculi, W.
100 1 _aSilva, D.D. da
100 1 _aOliveira, R.A.
245 1 _aDeterminação experimental dos coeficientes de rugosidade de Manning e Bazin em tubulações de PVC
650 _aESCOAMENTO
650 _aCONDUTIVIDADE HIDRÁULICA
650 _aRESERVATÓRIO DE ÁGUA
650 _aCALHA
650 _aMODELO MATEMÁTICO
773 0 _tEngenharia na Agricultura (Brazil)
_xISSN 1414-3984
_g(Oct-Dec 2007), v. 15(4) p. 437-443
_wBR2011006340
909 _a202311
_bLúcia
_c55
_dLúcia Elande
942 _2AGRIS
_n0
_cANA
999 _c212441
_d212441